000 00405nam a22001217a 4500
999 _c14057
_d14057
020 _a9786277523077
100 _aماخوذ از مثنوی مولانا رومی تشریح ملک محمد عثمان
245 _aاستعراج نفس
250 _aجلد اول (دفتر اول ودوم)
260 _aپاکستان
_bدارلالحکمہ خالدیہ
_c2024
300 _aصفحات 195
942 _cBK